000
00286 a2200121 4500
001
86561
082
_a
398.2 LOK
090
_c
40738
_d
40738
100
_a
Loke Mela
245
_a
Lok Mela - 89 SL-82 (Only DVD)
260
_a
Islamabad
_b
Lok Virsa Islamabad
_c
2012
500
_a
Lok Virsa
942
_a
CAENUST
_k
398.2 LOK
999
_c
321634
_d
321634